| 000 | 00341nam a22001457a 4500 | ||
|---|---|---|---|
| 008 | 210308b ||||| |||| 00| 0 eng d | ||
| 020 | _a0801604214 | ||
| 041 | _aeng | ||
| 080 |
_25th _a579 |
||
| 082 |
_25th _a579 |
||
| 100 | _a11 | ||
| 101 | _aMIK | ||
| 245 |
_aBailey and Scott's Diagnostic Microbiology _cFinegold,M.S |
||
| 942 |
_2udc _cBK |
||
| 999 |
_c55970 _d55970 |
||